| 000 | 01067nmc a2200349 a 4500 | ||
|---|---|---|---|
| 003 | AR-BaBNM | ||
| 005 | 20251128205119.0 | ||
| 008 | 246019s1987 ||||||||||||||000 | spa|| | ||
| 020 | _a950-23-0353-9 | ||
| 040 | _cAR-BaBNM | ||
| 100 | 1 | _aDiscépolo, Armando | |
| 245 | 1 | 0 |
_aObra dramática de Armando Discépolo _n1 |
| 250 | _a1ª ed. | ||
| 260 |
_aBuenos Aires _bEudeba _c1987 |
||
| 300 | _a374 p. | ||
| 490 | 0 | _aArte para todos | |
| 500 | _aContiene cronología de la obra dramática de Armando Discépolo en p. 13-18 | ||
| 500 | _aTraducciones y adaptaciones de Armando Discépolo en p. 19-20 | ||
| 500 | _aCada obra viene acompañada por notas y vocabulario | ||
| 650 | 4 | _aLITERATURA ARGENTINA | |
| 650 | 4 | _aTEATRO NACIONAL | |
| 650 | 4 | _aANALISIS LITERARIO | |
| 650 | 4 | _aCRITICA LITERARIA | |
| 653 | _aSAINETE | ||
| 653 | _aGROTESCO | ||
| 655 | _aLITERATURA | ||
| 700 | 1 |
_aPellettieri, Osvaldo _eprologuista |
|
| 700 | 1 |
_aDubatti, Jorge A. _ecolaborador |
|
| 700 | 1 |
_aSánchez, Claudia _ecolaborador |
|
| 942 | _cBK | ||
| 998 | _cisola | ||
| 999 |
_c10040 _d10040 |
||